000 00295nam a22001217a 4500
008 150526b xxu||||| |||| 00| 0 eng d
020 _a9780071759069
020 _a0071759069
041 1 _aeng
080 _a004
245 1 0 _aiPad & iPhone Guida Administrative :
_cGuy Hart-Davis.
942 _2udc
_cBK
999 _c901
_d901